| 000 | 00000cam 2200000zi 4500 |
| 001 | 9.957112 |
| 003 | CaOODSP |
| 005 | 20251208122741 |
| 006 | m o d f |
| 007 | cr |n||||||||| |
| 008 | 251105e202511 oncabd ob f000 0 eng d |
| 020 | |a9780660796239 |
| 040 | |aCaOODSP|beng|erda|cCaOODSP |
| 043 | |an-cn--- |
| 086 | 1 |aFs70-5/2025-077E-PDF |
| 100 | 1 |aVanderlaan, Angelia S. M., |eauthor. |
| 245 | 10|aThreat assessment for the critically endangered North Atlantic right whale (Eubalaena glacialis) / |cAngelia S.M. Vanderlaan, Shelley L.C. Lang, Milagros Sanchez, Megan J. Murphy, Olivia M. Pisano, and Kate Christie. |
| 264 | 1|aOttawa : |bCanadian Science Advisory Secretariat (CSAS), |cNovember 2025. |
| 264 | 4|c©2025 |
| 300 | |a1 online resource (v, 80 pages) : |bmaps, graphs, figures. |
| 336 | |atext|btxt|2rdacontent |
| 337 | |acomputer|bc|2rdamedia |
| 338 | |aonline resource|bcr|2rdacarrier |
| 490 | 1 |aResearch document, |x1919-5044 ; |v2025/077 |
| 500 | |aIssued also in French under title: Évaluation des menaces pour la baleine noire de l'Atlantique Nord (Eubalaena glacialis), une espèce en danger critique d'extinction. |
| 504 | |aIncludes bibliographical references (pages 53-80). |
| 650 | 0|aNorthern right whale|zAtlantic Coast (Canada) |
| 650 | 0|aWildlife recovery|zAtlantic Coast (Canada) |
| 650 | 0|aRare mammals|zAtlantic Coast (Canada) |
| 710 | 1 |aCanada. |bDepartment of Fisheries and Oceans. |bMaritimes Region, |eissuing body. |
| 710 | 2 |aCanadian Science Advisory Secretariat, |eissuing body. |
| 775 | 08|tÉvaluation des menaces pour la baleine noire de l'Atlantique Nord (Eubalaena glacialis), une espèce en danger critique d'extinction / |w(CaOODSP)9.957113 |
| 830 | #0|aResearch document (Canadian Science Advisory Secretariat)|v2025/077.|w(CaOODSP)9.507396 |
| 856 | 40|qPDF|s7.08 MB|uhttps://publications.gc.ca/collections/collection_2025/mpo-dfo/fs70-5/Fs70-5-2025-077-eng.pdf |